San Angel ayer y hoy (Record no. 1063)

MARC details
000 -CABECERA
campo de control de longitud fija 00765nam a2200217 a 4500
001 - NÚMERO DE CONTROL
campo de control BRCA_1187
005 - FECHA Y HORA DE LA ÚLTIMA TRANSACCIÓN
campo de control 20190320203324.0
008 - DATOS DE LONGITUD FIJA--INFORMACIÓN GENERAL
campo de control de longitud fija 971023s1989 mx-a---##b---#000-0#spa-#
020 ## - NÚMERO INTERNACIONAL ESTÁNDAR DEL LIBRO
Número Internacional Estándar del Libro 9686257020
040 ## - FUENTE DE LA CATALOGACIÓN
Centro catalogador/agencia de origen DLC
Centro/agencia transcriptor DLC
Centro/agencia modificador DLC
050 #4 - SIGNATURA TOPOGRÁFICA DE LA BIBLIOTECA DEL CONGRESO
Número de clasificación F1391
Número de documento/Ítem .A76 1989
100 1# - ENTRADA PRINCIPAL--NOMBRE DE PERSONA
Nombre de persona Armella de Aspe, Virginia
9 (RLIN) 2324
245 10 - MENCIÓN DE TÍTULO
Título San Angel ayer y hoy
Mención de responsabilidad, etc. Virginia Armella de Aspe ; fotografía Miguel Cubel.
260 ## - PUBLICACIÓN, DISTRIBUCIÓN, ETC.
Lugar de publicación, distribución, etc. México
Nombre del editor, distribuidor, etc. Fundación Cultural Probursa
Fecha de publicación, distribución, etc. 1989
300 ## - DESCRIPCIÓN FÍSICA
Extensión 127 p.
Otras características físicas il. a color
Dimensiones 31 cm.
500 ## - NOTA GENERAL
Nota general Incluye apéndice
504 ## - NOTA DE BIBLIOGRAFÍA, ETC.
Nota de bibliografía, etc. Bibliografía: p. 119-120
651 #4 - PUNTO DE ACCESO ADICIONAL DE MATERIA--NOMBRE GEOGRÁFICO
Nombre geográfico Alvaro Obregón (Distrito Federal, México)
Subdivisión general Descripción y viajes
9 (RLIN) 3916
651 #4 - PUNTO DE ACCESO ADICIONAL DE MATERIA--NOMBRE GEOGRÁFICO
Nombre geográfico Alvaro Obregón (Distrito Federal, México)
Subdivisión general Trabajos Ilustrados
9 (RLIN) 3917
942 ## - ELEMENTOS DE PUNTO DE ACCESO ADICIONAL (KOHA)
Fuente del sistema de clasificación o colocación Library of Congress Classification
Tipo de ítem Koha Libros
Holdings
Estado de retiro Estado de pérdida Estado dañado No para préstamo Localización permanente Ubicación/localización actual Fecha de adquisición Total de préstamos Signatura topográfica completa Código de barras Fecha visto por última vez Precio válido a partir de Tipo de ítem Koha
El ejemplar forma parte de la colección y puede ser consultado según las políticas vigentes.       Biblioteca del Museo Franz Mayer (Rogerio Casas-Alatriste) Biblioteca del Museo Franz Mayer (Rogerio Casas-Alatriste) 26/06/2008   F1391 .A76 1989 01700 22/03/2019 22/03/2019 Libros